Betriebswirtschaftliche Entscheidungslehre /
Na minha lista:
| Main Authors: | , |
|---|---|
| Formato: | Livro |
| Idioma: | alemão |
| Publicado em: |
München :
Verlag Franz Vahlen,
1994
|
| Edição: | 8.Aufl. |
| Assuntos: | |
| Tags: |
Sem tags, seja o primeiro a adicionar uma tag!
|
MARC
| LEADER | 00000nam a22000003a 4500 | ||
|---|---|---|---|
| 001 | stu44386 | ||
| 005 | 20150617225718.6 | ||
| 008 | 950320s1994----gw------------------ger-d | ||
| 020 | |a 3-8006-1839-7 | ||
| 040 | |a STU |b slo | ||
| 041 | 0 | |a ger | |
| 044 | |a gw | ||
| 080 | |a 338.22.021.4 | ||
| 100 | 1 | |a Bamberg, Günter |4 aut | |
| 245 | 1 | |a Betriebswirtschaftliche Entscheidungslehre / |c [aut.]Günter Bamberg, Adolf Gerharhard Coenenberg | |
| 250 | |a 8.Aufl. | ||
| 260 | |a München : |b Verlag Franz Vahlen, |c 1994 | ||
| 300 | |a 276 s | ||
| 650 | 7 | |a Rozhodovanie hospodárske |2 stusub | |
| 650 | 7 | |a Hospodárstvo národné |2 stusub | |
| 650 | 7 | |a rozhodovanie |2 stusub | |
| 700 | 1 | |a Coenenberg, Adolf Gerharhard |4 aut | |
| 996 | |b 284M025696 |c M*8959-1 |l MMKN |s A |a 24 |w stu44386_0001 | ||